000
00305nam a2200145Ia 4500
100
_a
Jawadekar/W.S.
942
_c
BK
654
_a
Business orgn
245
_a
Redesigning the Business Orgn
260
_b
Jaico Pub
_c
1998
082
_a
658
_b
JAW
300
_a
221
546
_a
ENGLISH
999
_c
22032
_d
22032